Ekológia: logistika si uvedomuje zodpovednosť

Podiel viny logistických firiem na znečisťovaní životného prostredia. Zodpovednosť logistiky voči prostrediu. Znižovanie uhlíkových emisií. Ekologické správanie firiem DHL, TNT. Sklady v znamení trvalo udržateľného rozvoja. Využívanie slnečnej energie.

Salvato in:
Dettagli Bibliografici
Autore principale: Brezovský, Jozef
Natura: Capitolo di libro
Lingua:slovacco
Soggetti:
Tags: Aggiungi Tag
Nessun Tag, puoi essere il primo ad aggiungerne!!

MARC

LEADER 00000naa a2200000 4500
001 0167113
005 20231011073427.4
041 0 |a slo 
044 |a CZ 
245 1 0 |a Ekológia: logistika si uvedomuje zodpovednosť  |c Jozef Brezovský 
520 |a Podiel viny logistických firiem na znečisťovaní životného prostredia. Zodpovednosť logistiky voči prostrediu. Znižovanie uhlíkových emisií. Ekologické správanie firiem DHL, TNT. Sklady v znamení trvalo udržateľného rozvoja. Využívanie slnečnej energie. 
610 2 0 |a logistika 
610 2 0 |a preprava 
610 2 0 |a skladovanie 
610 2 0 |a sklady 
610 2 0 |a ochrana prostredia životného 
610 2 0 |a emisie 
610 2 0 |a energia slnečná 
610 2 0 |a firmy 
100 1 |a Brezovský, Jozef